<?xml version="1.0" encoding="UTF-8"?><?xml-stylesheet type="text/xsl" href="static/style.xsl"?><OAI-PMH xmlns="http://www.openarchives.org/OAI/2.0/" xmlns:xsi="http://www.w3.org/2001/XMLSchema-instance" xsi:schemaLocation="http://www.openarchives.org/OAI/2.0/ http://www.openarchives.org/OAI/2.0/OAI-PMH.xsd"><responseDate>2026-04-29T11:58:45Z</responseDate><request verb="GetRecord" identifier="oai:riubu.ubu.es:10259/10186" metadataPrefix="marc">https://riubu.ubu.es/oai/request</request><GetRecord><record><header><identifier>oai:riubu.ubu.es:10259/10186</identifier><datestamp>2025-02-12T01:05:30Z</datestamp><setSpec>com_10259_6171</setSpec><setSpec>com_10259_5086</setSpec><setSpec>com_10259_2604</setSpec><setSpec>col_10259_7105</setSpec></header><metadata><record xmlns="http://www.loc.gov/MARC21/slim" xmlns:doc="http://www.lyncode.com/xoai" xmlns:xsi="http://www.w3.org/2001/XMLSchema-instance" xmlns:dcterms="http://purl.org/dc/terms/" xsi:schemaLocation="http://www.loc.gov/MARC21/slim http://www.loc.gov/standards/marcxml/schema/MARC21slim.xsd">
<leader>00925njm 22002777a 4500</leader>
<datafield tag="042" ind1=" " ind2=" ">
<subfield code="a">dc</subfield>
</datafield>
<datafield tag="720" ind1=" " ind2=" ">
<subfield code="a">Hurtado Alonso, Nerea</subfield>
<subfield code="e">author</subfield>
</datafield>
<datafield tag="720" ind1=" " ind2=" ">
<subfield code="a">Laouedj, Souheyla</subfield>
<subfield code="e">author</subfield>
</datafield>
<datafield tag="720" ind1=" " ind2=" ">
<subfield code="a">Espinosa González, Ana Belén</subfield>
<subfield code="e">author</subfield>
</datafield>
<datafield tag="720" ind1=" " ind2=" ">
<subfield code="a">Fiol Olivan, Francisco</subfield>
<subfield code="e">author</subfield>
</datafield>
<datafield tag="720" ind1=" " ind2=" ">
<subfield code="a">Revilla Cuesta, Víctor</subfield>
<subfield code="e">author</subfield>
</datafield>
<datafield tag="720" ind1=" " ind2=" ">
<subfield code="a">Manso Villalaín, Juan Manuel</subfield>
<subfield code="e">author</subfield>
</datafield>
<datafield tag="260" ind1=" " ind2=" ">
<subfield code="c">2024</subfield>
</datafield>
<datafield tag="520" ind1=" " ind2=" ">
<subfield code="a">El desmantelamiento de los parques eólicos en las próximas décadas pone de manifiesto la necesidad de establecer procesos de reciclaje que den salida al material que compone los aerogeneradores. El corte y triturado no selectivo de sus palas da como resultado la obtención de un tipo de residuo denominado Triturado de Pala de Aerogenerador (TPA). Su composición variada formada por materiales compuestos de fibra de vidrio, resinas poliméricas, partículas de poliuretano y madera de balsa, posibilitan su incorporación a mezclas de hormigón como un tipo de fibra reciclada dando salida al residuo derivado del desmantelamiento de estas palas</subfield>
</datafield>
<datafield tag="024" ind2=" " ind1="8">
<subfield code="a">http://hdl.handle.net/10259/10186</subfield>
</datafield>
<datafield ind1=" " ind2=" " tag="653">
<subfield code="a">Triturado de pala de aerogenerador</subfield>
</datafield>
<datafield ind1=" " ind2=" " tag="653">
<subfield code="a">Hormigón</subfield>
</datafield>
<datafield ind1=" " ind2=" " tag="653">
<subfield code="a">Humedad/sequedad</subfield>
</datafield>
<datafield ind1=" " ind2=" " tag="653">
<subfield code="a">Compresión</subfield>
</datafield>
<datafield ind1=" " ind2=" " tag="653">
<subfield code="a">Microfisuración</subfield>
</datafield>
<datafield tag="245" ind1="0" ind2="0">
<subfield code="a">Evaluación del efecto de las variaciones de humedad en el comportamiento del hormigón con triturado de pala de aerogenerador</subfield>
</datafield>
</record></metadata></record></GetRecord></OAI-PMH>